[Event "World Blitz 2023"]
[Site "Samarkand UZB"]
[Date "2023.12.30"]
[Round "21.60"]
[White "Kobalia, Mikhail"]
[Black "Sapenov, Daniyal"]
[Result "0-1"]
[WhiteElo "2558"]
[BlackElo "2289"]
[EventDate "2023.12.29"]

1. e4 c5 2. Nf3 d6 3. Bb5+ Bd7 4. Bxd7+ Qxd7 5. O-O Nc6 6. c3 d5 7. exd5
Qxd5 8. d4 e6 9. Qa4 Nf6 10. Be3 O-O-O 11. Na3 cxd4 12. Nxd4 Bxa3 13. Qxa3
a6 14. Rfd1 e5 15. Rac1 exd4 16. cxd4 Qd6 17. Rc5 Nd5 18. b4 Kb8 19. Rdc1
Rc8 20. Qb3 Nce7 21. a4 b6 22. R5c2 Rxc2 23. Rxc2 Rc8 24. b5 axb5 25. axb5
Qb4 26. Rxc8+ Kxc8 27. Qd1 Qxb5 28. h3 Qc6 29. Qg4+ Qe6 30. Qxg7 Nxe3 31.
fxe3 Qxe3+ 32. Kh2 Qf4+ 33. Kh1 h6 34. Qf8+ Kd7 35. Qa8 Qxd4 36. Qb7+ Ke6
37. Qf3 Qa1+ 38. Kh2 Qe5+ 39. Kh1 b5 40. Qg4+ Kd6 41. Qb4+ Kc6 42. Qa5 Nd5
43. Qa8+ Kc5 44. Qa7+ Nb6 45. Qxf7 b4 46. Qf8+ Kb5 47. Qxh6 b3 48. Qd2 b2
49. Qd3+ Nc4 50. Qd1 Kb4 51. h4 Qf4 52. Qe1+ Qd2 53. Qe7+ Kb3 54. Qb7+ Ka2
55. Qa6+ Na3 56. Qe6+ Ka1 57. Qf6 Qe2 58. Qc3 Ka2 0-1

[Event "World Blitz 2023"]
[Site "Samarkand UZB"]
[Date "2023.12.30"]
[Round "21.61"]
[White "Nasuta, Grzegorz"]
[Black "Markov, Mikhail"]
[Result "1-0"]
[WhiteElo "2467"]
[BlackElo "2255"]
[EventDate "2023.12.29"]

1. e4 c5 2. Nf3 d6 3. d4 cxd4 4. Nxd4 Nf6 5. Nc3 a6 6. f3 b5 7. a4 bxa4 8.
Rxa4 e6 9. Be3 Be7 10. Be2 O-O 11. O-O Bb7 12. Nb3 Qc7 13. Na5 Bc8 14. Qd2
Nbd7 15. Rfa1 Nc5 16. R4a2 Rd8 17. b4 Ncd7 18. Nb3 Bb7 19. b5 axb5 20. Nxb5
Qb8 21. Ba7 Qc8 22. Nxd6 Qc6 23. Na5 Qxd6 24. Qxd6 Bxd6 25. Nxb7 Be5 26.
Nxd8 Bxa1 27. Rxa1 Rxd8 28. Be3 Rc8 29. Ra2 h6 30. Kf2 g5 31. Ke1 Kg7 32.
Bd4 Kg6 33. Bd3 Nh5 34. g3 Nc5 35. Be2 Nd7 36. Kd2 Ng7 37. Ra7 Nc5 38. Bb5
h5 39. c4 Nb3+ 40. Kc3 Nc1 41. Be3 Ne2+ 42. Kd2 1-0

[Event "World Blitz 2023"]
[Site "Samarkand UZB"]
[Date "2023.12.30"]
[Round "21.62"]
[White "Ansat, Aldiyar"]
[Black "Kuziev, Miraziz"]
[Result "1-0"]
[WhiteElo "2404"]
[BlackElo "2196"]
[EventDate "2023.12.29"]

1. e4 e5 2. Nf3 Nc6 3. Bb5 a6 4. Ba4 Nf6 5. O-O d6 6. Re1 Bd7 7. c3 g6 8.
d4 Bg7 9. Nbd2 O-O 10. h3 h6 11. Nf1 Qe8 12. Bc2 b5 13. Ng3 Qc8 14. Be3 Rd8
15. a4 Rb8 16. axb5 axb5 17. Qd2 Kh7 18. Bb3 Rf8 19. Rad1 Qe8 20. dxe5 dxe5
21. Bc5 Rg8 22. Qe2 Be6 23. Bd5 Bd7 24. b4 Bf8 25. Qe3 Nh5 26. Nxh5 gxh5
27. Bxf8 Rxf8 28. Qc5 Rb6 29. Bxc6 Rxc6 30. Qxe5 Rg6 31. Qxe8 Bxe8 32. Rd8
Rfg8 33. g3 Rc6 34. Re3 Ra6 35. Nd4 Ra1+ 36. Kg2 f6 37. Ne6 Bc6 38. Rxg8
Kxg8 39. g4 hxg4 40. hxg4 Ra7 41. Kg3 Bd7 42. Nc5 Bc6 43. e5 fxe5 44. Rxe5
Ra3 45. Re3 Kf7 46. Nd3 Bd5 47. Ne5+ Kg7 48. f4 Ra2 49. Rd3 c6 50. Re3 Rg2+
51. Kh3 Rf2 52. Nd3 Rf1 53. Kh4 Rh1+ 54. Rh3 Rd1 55. g5 Be6 56. Re3 Rh1+
57. Kg3 Bf5 58. Ne5 Rh3+ 59. Kf2 Rh4 60. gxh6+ Kxh6 61. Nxc6 Rxf4+ 62. Rf3
Kg5 63. Nd4 Bd3 64. Ne6+ 1-0

[Event "World Blitz 2023"]
[Site "Samarkand UZB"]
[Date "2023.12.30"]
[Round "21.63"]
[White "Khusenkhojaev, Mustafokhuja"]
[Black "Gallego Alcaraz, Andres Felipe"]
[Result "1-0"]
[WhiteElo "2082"]
[BlackElo "2384"]
[EventDate "2023.12.29"]

1. d4 Nf6 2. c4 g6 3. Nc3 Bg7 4. Nf3 O-O 5. g3 d6 6. Bg2 Nc6 7. O-O e5 8.
d5 Ne7 9. e4 c5 10. Ne1 Kh8 11. Nd3 Nfg8 12. f4 f6 13. Be3 Nh6 14. h3 Bd7
15. Qd2 Nf7 16. Rf2 a6 17. a4 b6 18. Raf1 Ng8 19. f5 Bh6 20. g4 Bxe3 21.
Qxe3 g5 22. Ne1 Qe7 23. Nf3 b5 24. axb5 axb5 25. cxb5 Rfb8 26. h4 h6 27.
hxg5 hxg5 28. Nd2 Kg7 29. Bf3 Bxb5 30. Nxb5 Rxb5 31. Nc4 Rb4 32. Be2 Ngh6
33. Qh3 Raa4 34. Rh2 Rxc4 35. b3 Rxe4 36. bxa4 Rxa4 37. Qh5 Kf8 38. Rb1 Rb4
39. Ra1 Rb8 40. Qg6 Ng8 41. Rh7 e4 42. Qg7+ Ke8 43. Qxg8+ Qf8 44. Qxf8+
Kxf8 45. Ra7 1-0

[Event "World Blitz 2023"]
[Site "Samarkand UZB"]
[Date "2023.12.30"]
[Round "21.64"]
[White "Averin, Nikolay"]
[Black "Seemann, Jakub"]
[Result "1-0"]
[WhiteElo "2283"]
[BlackElo "2332"]
[EventDate "2023.12.29"]

1. e4 c6 2. d4 d5 3. Nd2 dxe4 4. Nxe4 Nf6 5. Nxf6+ exf6 6. c3 Bd6 7. Bd3
O-O 8. Ne2 Re8 9. O-O Nd7 10. Bf4 Nf8 11. Bxd6 Qxd6 12. Qd2 Ng6 13. Rfe1
Bg4 14. Ng3 Rad8 15. h3 Be6 16. Ne4 Qc7 17. Nc5 Bc8 18. Rxe8+ Rxe8 19. Re1
Rd8 20. Bc2 b6 21. Nd3 Bf5 22. Qe3 h5 23. Qf3 Bxd3 24. Qxd3 c5 25. Bb3 Nf4
26. Qe4 cxd4 27. cxd4 Rf8 28. Qe7 Qc6 29. Qe4 Qd6 30. h4 Rd8 31. g3 Nd5 32.
Qf3 g6 33. Bxd5 Qxd5 34. Qxf6 Rf8 35. a3 Qb3 36. g4 Qd5 37. Re5 Qxd4 38.
gxh5 Qg4+ 39. Kh2 Rc8 40. hxg6 fxg6 41. Re7 1-0

[Event "World Blitz 2023"]
[Site "Samarkand UZB"]
[Date "2023.12.30"]
[Round "21.65"]
[White "Chinguun, Sumiya"]
[Black "Bryakin, Mikhail"]
[Result "0-1"]
[WhiteElo "2200"]
[BlackElo "2495"]
[EventDate "2023.12.29"]

1. e4 c6 2. c4 d5 3. cxd5 cxd5 4. exd5 Nf6 5. Nc3 Nxd5 6. Nf3 Nc6 7. Bb5 g6
8. Qa4 Qd6 9. Nd4 Bd7 10. O-O Bg7 11. Nxc6 Bxc6 12. d4 O-O 13. Bxc6 Qxc6
14. Qxc6 bxc6 15. Be3 Rab8 16. Rab1 Rfc8 17. Ne4 Nxe3 18. fxe3 e5 19. Nf6+
Bxf6 20. Rxf6 exd4 21. exd4 Rb4 22. Rd6 Rc7 23. b3 c5 24. Rc1 c4 25. bxc4
Rbxc4 26. Rxc4 Rxc4 27. Ra6 Rxd4 28. Rxa7 Rd2 29. a4 Ra2 30. a5 g5 31. g4
Kg7 32. h3 h6 33. Ra8 Kf6 34. a6 Ke5 35. Rf8 Kf4 36. Rxf7+ Kg3 37. Kf1 Rxa6
38. Rb7 Kxh3 39. Rb4 Kg3 40. Re4 Kf3 41. Re1 Kxg4 42. Kg2 Ra4 43. Rb1 h5
44. Rd1 Rb4 45. Rc1 Rd4 46. Re1 Rf4 47. Rc1 Rb4 48. Rd1 h4 49. Rc1 Ra4 50.
Rc2 Rd4 51. Rb2 Rc4 52. Rd2 Ra4 53. Rb2 Kh5 54. Rb5 Ra2+ 55. Kh3 Ra3+ 56.
Kg2 h3+ 57. Kh2 Kh4 58. Rb2 g4 59. Rb4 Ra2+ 60. Kg1 Rd2 61. Rc4 Re2 62. Rd4
Kg3 63. Rd3+ Kf4 64. Rd8 Kf3 65. Rd1 Re3 66. Rb1 Kg3 67. Kh1 Re4 68. Rb3+
Kh4 69. Rb1 g3 70. Rc1 Rf4 71. Rd1 Kg4 72. Rc1 Re4 73. Rd1 Kf3 74. Rf1+ Ke3
75. Rg1 Rg4 76. Ra1 Rd4 77. Rg1 Kf3 78. Rf1+ Ke2 79. Rg1 Rd3 80. Rf1 Rd1
81. Rxd1 Kxd1 82. Kg1 Ke2 83. Kh1 Kf3 84. Kg1 h2+ 85. Kh1 g2+ 0-1

[Event "World Blitz 2023"]
[Site "Samarkand UZB"]
[Date "2023.12.30"]
[Round "21.66"]
[White "Xue, Haowen"]
[Black "Gharibyan, Mamikon"]
[Result "1/2-1/2"]
[WhiteElo "2155"]
[BlackElo "2444"]
[EventDate "2023.12.29"]

1. c4 e6 2. g3 d5 3. Bg2 Nf6 4. Nf3 dxc4 5. Qa4+ Bd7 6. Qxc4 c5 7. Ne5 Qc8
8. O-O Nc6 9. Nxd7 Qxd7 10. b3 Be7 11. Bb2 O-O 12. d3 Rac8 13. Nd2 Nd4 14.
Rfe1 Rfd8 15. Qc1 Nd5 16. a3 b5 17. e3 Nc6 18. Rd1 Na5 19. Qc2 Bf8 20. h4
h6 21. Rac1 a6 22. Bf3 Nb6 23. Ne4 Nd5 24. h5 Qe8 25. Kg2 c4 26. dxc4 bxc4
27. b4 Nb3 28. Rb1 a5 29. bxa5 Nxa5 30. Nc3 Nb6 31. Rxd8 Rxd8 32. Rd1 Rb8
33. g4 Nb3 34. Ne4 Nc5 35. Be5 Rc8 36. Nd6 Bxd6 37. Rxd6 Nd3 38. Bc3 Nd5
39. Qd2 Qe7 40. Ra6 Qb7 41. Ra5 Qb3 42. Bxd5 exd5 43. Rxd5 Qxa3 44. e4 f6
45. Kg3 Qe7 46. f3 Qc7+ 47. f4 Re8 48. e5 fxe5 49. fxe5 Qc6 50. Qg2 Rf8 51.
Rd4 Qxg2+ 52. Kxg2 Nxe5 53. Re4 Nd7 54. Rxc4 1/2-1/2

[Event "World Blitz 2023"]
[Site "Samarkand UZB"]
[Date "2023.12.30"]
[Round "21.67"]
[White "Drazic, Sinisa"]
[Black "Vakhidov, Daler"]
[Result "1-0"]
[WhiteElo "2276"]
[BlackElo "2110"]
[EventDate "2023.12.29"]

1. d4 Nf6 2. Bg5 d5 3. e3 h6 4. Bxf6 gxf6 5. c4 c6 6. Nc3 dxc4 7. Bxc4 e6
8. Qh5 f5 9. Nf3 Qf6 10. Ne5 Nd7 11. f4 Nxe5 12. dxe5 Qg6 13. Qf3 Bd7 14.
O-O-O O-O-O 15. g3 Be7 16. a3 h5 17. h4 Kb8 18. Be2 Bc8 19. Rxd8 Rxd8 20.
Qf2 f6 21. Rd1 fxe5 22. Rxd8 Bxd8 23. fxe5 Bc7 24. Qf4 Qg7 25. Bxh5 Bxe5
26. Qg5 Bxc3 27. bxc3 Qxc3+ 28. Kd1 b6 29. Be2 Qa1+ 30. Kd2 Qb2+ 31. Ke1
Qc1+ 32. Kf2 a5 33. h5 Qd2 34. Kf1 Qc1+ 35. Kf2 Qd2 36. Kf1 Qc1+ 37. Kf2
Qd2 38. Qf4+ Ka8 39. Qd4 Qa2 40. Qxb6 Qa1 41. Qxa5+ Kb8 42. Qb6+ Ka8 43.
Qxc6+ Bb7 44. Qe8+ Ka7 45. Qxe6 Qh1 46. Qxf5 Qh2+ 47. Ke1 Qxg3+ 48. Kd2
Qd6+ 49. Qd3 Qb6 50. Qd4 1-0

[Event "World Blitz 2023"]
[Site "Samarkand UZB"]
[Date "2023.12.30"]
[Round "21.68"]
[White "Kakabayev, Mergen"]
[Black "Kuandykuly, Danis"]
[Result "1-0"]
[WhiteElo "2255"]
[BlackElo "1718"]
[EventDate "2023.12.29"]

1. e4 c5 2. Nf3 Nc6 3. d4 cxd4 4. Nxd4 Nf6 5. Nc3 d6 6. f3 e5 7. Nb3 Be6 8.
Nd5 Be7 9. c4 O-O 10. Be3 a6 11. Qd2 b5 12. cxb5 axb5 13. Bxb5 Na5 14. Nxa5
Bxd5 15. exd5 Rxa5 16. a4 Qa8 17. Bc6 Qa6 18. b4 Nxd5 19. Bxd5 Rxa4 20.
Rxa4 Qxa4 21. O-O Rb8 22. Rb1 Bd8 23. Qa2 Rxb4 24. Qxa4 Rxa4 25. Rb8 Ra1+
26. Kf2 g6 27. Bh6 1-0

[Event "World Blitz 2023"]
[Site "Samarkand UZB"]
[Date "2023.12.30"]
[Round "21.69"]
[White "Bakhrillaev, Bakhrom"]
[Black "Wanyama, Harold"]
[Result "1-0"]
[WhiteElo "1994"]
[BlackElo "2228"]
[EventDate "2023.12.29"]

1. d4 d5 2. c4 e6 3. Nc3 Be7 4. cxd5 exd5 5. Bf4 c6 6. e3 Bf5 7. Nf3 Nf6 8.
h3 O-O 9. Be2 Nbd7 10. O-O Re8 11. Nh4 Be6 12. Nf3 Ne4 13. Nxe4 dxe4 14.
Nd2 f5 15. f3 exf3 16. Nxf3 Nf6 17. Qd2 Ne4 18. Qc2 Bf6 19. Bd3 Bd5 20. Nd2
g6 21. Nxe4 Bxe4 22. Qb3+ Qd5 23. Bc4 1-0

[Event "World Blitz 2023"]
[Site "Samarkand UZB"]
[Date "2023.12.30"]
[Round "21.70"]
[White "Turayev, Shahruh"]
[Black "Harutyunyan, Tigran K."]
[Result "0-1"]
[WhiteElo "2168"]
[BlackElo "2407"]
[EventDate "2023.12.29"]

1. e4 e5 2. Nc3 Nf6 3. Bc4 Bc5 4. d3 Nc6 5. f4 d6 6. Nf3 exf4 7. Bxf4 Na5
8. Bb3 Nxb3 9. axb3 O-O 10. Bg5 c6 11. d4 Bb4 12. O-O Qe7 13. Nd2 Qe6 14.
Bxf6 gxf6 15. Qh5 Kh8 16. Qh4 Rg8 17. Rxf6 Qe7 18. Qf4 Be6 19. Rf1 Rg4 20.
Qf3 Rag8 21. Rf2 d5 22. exd5 cxd5 23. Rf4 Bd6 24. Rxg4 Rxg4 25. Nxd5 Qh4
26. Qf6+ Qxf6 27. Nxf6 Rxd4 28. Nfe4 Bc7 29. c3 Rd8 30. b4 Bb6 31. Nc5 a5
32. h3 axb4 33. cxb4 Rd4 34. Nxe6 fxe6 35. Kf1 Rxb4 36. Re2 Rxb2 37. Rxe6
Bd4 38. Nf3 Bc3 39. Re7 b5 40. Rb7 b4 41. Ng5 b3 42. Ne4 Bd4 43. g4 Rb1+
44. Kg2 b2 45. Kh2 Re1 46. Ng5 b1=Q 0-1

[Event "World Blitz 2023"]
[Site "Samarkand UZB"]
[Date "2023.12.30"]
[Round "21.71"]
[White "Xie, Felix"]
[Black "Song, Raymond"]
[Result "1/2-1/2"]
[WhiteElo "2107"]
[BlackElo "2383"]
[EventDate "2023.12.29"]

1. Nf3 Nf6 2. d4 e6 3. Bf4 d5 4. e3 c5 5. c3 Nc6 6. Nbd2 Nh5 7. Bg5 f6 8.
Bh4 Bd6 9. Ne5 g6 10. Bb5 O-O 11. Nxc6 bxc6 12. Be2 Ng7 13. Bg3 e5 14. O-O
Rb8 15. b3 Nf5 16. dxe5 fxe5 17. e4 Nxg3 18. hxg3 Be6 19. Bg4 Bf7 20. Bf3
Qa5 21. Qc2 Be6 22. Rad1 Qd8 23. Qd3 d4 24. Nc4 Bc7 25. Qe2 Qg5 26. Qd2 Qf6
27. cxd4 cxd4 28. Na5 Bd7 29. b4 Kg7 30. Nb3 Bd6 31. Nc5 Bc8 32. Rc1 h5 33.
Qe2 h4 34. Bg4 Rxb4 35. Bxc8 Rxc8 36. Qg4 Re8 37. Nd7 Qe6 38. Qxe6 Rxe6 39.
Rxc6 d3 40. Nc5 Bxc5 41. Rxe6 hxg3 42. Rxe5 Bxf2+ 43. Rxf2 gxf2+ 44. Kxf2
Rb2+ 45. Ke3 Rxg2 46. Re7+ Kf6 47. Rxa7 d2 48. Rd7 Ke5 49. Rd5+ Ke6 50.
Rxd2 Rg3+ 51. Kf4 Ra3 52. Rb2 g5+ 53. Kxg5 Ke5 54. Re2 Rg3+ 55. Kh4 Ra3 56.
Kg4 Rc3 57. Re1 Ra3 58. Re2 Rc3 59. a4 Ra3 60. Re1 Rxa4 61. Kf3 Ra3+ 62.
Re3 Rxe3+ 63. Kxe3 Ke6 64. Kd4 Kd6 65. e5+ Ke6 66. Ke4 Ke7 67. Kf5 Kf7 68.
e6+ Ke7 69. Ke5 Ke8 70. Kd6 Kd8 71. e7+ Ke8 72. Ke6 1/2-1/2

[Event "World Blitz 2023"]
[Site "Samarkand UZB"]
[Date "2023.12.30"]
[Round "21.72"]
[White "Ilkhomi, Jaloliddin"]
[Black "Leiva, Gianmarco"]
[Result "0-1"]
[WhiteElo "2054"]
[BlackElo "2338"]
[EventDate "2023.12.29"]

1. Nf3 d5 2. b3 Bf5 3. Bb2 e6 4. g3 Nf6 5. Nh4 Be4 6. f3 Bg6 7. Nxg6 hxg6
8. Bg2 Bd6 9. d3 Nbd7 10. O-O c5 11. Nd2 Be5 12. Bxe5 Nxe5 13. e3 Qc7 14.
Qe2 g5 15. f4 gxf4 16. exf4 Nc6 17. Nf3 O-O-O 18. c3 Kb8 19. Rab1 Ne8 20.
Rfc1 Nd6 21. c4 Nf5 22. Qf2 d4 23. Nd2 Ne3 24. Bf3 Rh3 25. Nf1 Rdh8 26. Re1
Nb4 27. Qd2 Nxf1 28. Rxf1 Rxh2 29. Bg2 Nc6 30. a3 Ne7 31. g4 Ng6 32. Qf2
R2h4 33. Qg3 e5 34. fxe5 Qxe5 35. Qxe5+ Nxe5 36. Rbe1 f6 37. Re4 Rxg4 38.
Rxg4 Nxg4 39. b4 Ne3 40. Re1 Rh5 41. Bf3 Rf5 42. Kf2 Kc7 43. Kg3 b6 44. Rh1
Rg5+ 45. Kf2 Rf5 46. Rh8 g5 47. Kg3 g4 48. Be4 Rf1 49. Rh7+ Kd6 50. Rxa7 f5
51. Ba8 f4+ 52. Kh2 g3+ 53. Kh3 Rf2 54. Kh4 Rh2+ 55. Kg5 g2 56. Bxg2 Nxg2
57. Rb7 Kc6 58. Rf7 Rh3 59. Kg4 Rg3+ 60. Kh5 Rxd3 61. b5+ Kd6 62. Rf6+ Kc7
63. Rf7+ Kc8 64. Rf8+ Kd7 65. Rf6 Rxa3 66. Rxb6 d3 67. Rb7+ Kd6 68. Rb8 Rb3
69. Rd8+ Kc7 70. Rd5 Kb6 71. Rd6+ Kb7 72. Kg4 Ne3+ 73. Kxf4 Nxc4 74. Rd5
Rxb5 75. Ke4 Nb2 76. Ke3 Kc6 77. Rh5 c4 78. Rh6+ Kc5 79. Kd2 Kb4 80. Rc6
Na4 81. Rc8 Nc5 82. Ra8 c3+ 83. Kd1 Kc4 84. Ra1 Rb1+ 85. Rxb1 c2+ 86. Kc1
cxb1=Q+ 87. Kxb1 Kc3 88. Kc1 d2+ 89. Kd1 Nb3 90. Ke2 Kc2 0-1

[Event "World Blitz 2023"]
[Site "Samarkand UZB"]
[Date "2023.12.30"]
[Round "21.73"]
[White "Amangeldy, Ernur"]
[Black "Shogdzhiev, Roman"]
[Result "0-1"]
[WhiteElo "2144"]
[BlackElo "2117"]
[EventDate "2023.12.29"]

1. d4 d5 2. Nc3 Nf6 3. Bf4 a6 4. e3 e6 5. Nf3 c5 6. Bd3 b5 7. O-O Bb7 8.
dxc5 Bxc5 9. a3 O-O 10. Qe2 Nbd7 11. e4 dxe4 12. Nxe4 Nxe4 13. Bxe4 Bxe4
14. Qxe4 Nf6 15. Qc6 Qc8 16. Qxc8 Raxc8 17. c3 Nd5 18. Be5 Rfd8 19. Rfd1 f6
20. Bd4 Bd6 21. Kf1 Kf7 22. g3 e5 23. Be3 Ke6 24. g4 Rd7 25. Nd2 Rcd8 26.
Ne4 Be7 27. Ke2 g6 28. a4 bxa4 29. c4 Nxe3 30. Rxd7 Rxd7 31. fxe3 Rb7 32.
Ra2 Rb4 33. Kd3 f5 34. gxf5+ gxf5 35. Nc3 a3 36. Rxa3 Rxb2 37. Rxa6+ Kf7
38. Ra7 Ke6 39. Ra6+ Kf7 40. h3 e4+ 41. Nxe4 fxe4+ 42. Kxe4 Rh2 43. Ra7
Rxh3 44. c5 Rh4+ 45. Kd3 Ke6 46. c6 Bd6 47. e4 Rh3+ 48. Kd4 Be5+ 49. Kc4
Rc3+ 50. Kb4 Rh3 51. Kc5 h5 52. Rh7 h4 53. Kb6 Rb3+ 54. Ka7 h3 55. Rh6+ Ke7
56. Rh7+ Kd8 57. Ka6 h2 58. Ka5 Rb1 0-1

[Event "World Blitz 2023"]
[Site "Samarkand UZB"]
[Date "2023.12.30"]
[Round "21.74"]
[White "Botiraliev, Abdumajid"]
[Black "Sklokin, Sergey"]
[Result "0-1"]
[WhiteElo "1515"]
[BlackElo "1995"]
[EventDate "2023.12.29"]

1. e4 c6 2. d4 d5 3. exd5 cxd5 4. Bd3 Nc6 5. c3 Nf6 6. Bf4 g6 7. Nd2 Bg7 8.
Ngf3 O-O 9. O-O Re8 10. h3 Bd7 11. Ne5 Qc8 12. Bh2 Bf5 13. Qe2 Bxd3 14.
Nxd3 Nd7 15. f4 e6 16. Kh1 b6 17. Rae1 f5 18. g4 Nf6 19. Ne5 Qb7 20. gxf5
exf5 21. Rg1 Rac8 22. Rg2 Na5 23. Reg1 Nc4 24. Ndf3 Ne4 25. h4 Nf6 26. Rg5
Kh8 27. Qg2 Ne3 28. Qh3 Neg4 29. h5 Nf2+ 30. Kg2 Nxh3 31. Kxh3 Nxh5 32. Nh4
Re6 33. Nhxg6+ hxg6 34. Nxg6+ Rxg6 35. Rxg6 Qa6 36. R6g5 Qd3+ 37. Kh4 Bf6
38. Kxh5 Qh3+ 39. Kg6 Bxg5 40. Rxg5 Rg8+ 41. Kf7 Rxg5 42. fxg5 Qxh2 0-1

[Event "World Blitz 2023"]
[Site "Samarkand UZB"]
[Date "2023.12.30"]
[Round "21.75"]
[White "Zilka, Stepan"]
[Black "Nafri, Khalil"]
[Result "0-1"]
[WhiteElo "2494"]
[BlackElo "2151"]
[EventDate "2023.12.29"]

1. e4 c5 2. Nf3 Nc6 3. d4 cxd4 4. Nxd4 g6 5. c4 Bg7 6. Be3 Nf6 7. Nc3 Ng4
8. Qxg4 Nxd4 9. Qd1 e5 10. Nb5 O-O 11. Qd2 d5 12. cxd5 f5 13. Nxd4 exd4 14.
Bxd4 Re8 15. Bxg7 Rxe4+ 16. Be2 Kxg7 17. O-O Qf6 18. Rfd1 Bd7 19. Bf3 Rc4
20. Rac1 Rac8 21. Rxc4 Rxc4 22. d6 b6 23. Qe2 Rc5 24. Qa6 Qf7 25. Qxa7 Ra5
26. Qxb6 Rxa2 27. h4 Qf6 28. Qc7 Qe6 29. Bd5 0-1

[Event "World Blitz 2023"]
[Site "Samarkand UZB"]
[Date "2023.12.30"]
[Round "21.76"]
[White "Tissir, Mohamed"]
[Black "Bogdan, David"]
[Result "0-1"]
[WhiteElo "2458"]
[BlackElo "1880"]
[EventDate "2023.12.29"]

1. e4 c5 2. Nc3 Nc6 3. Bb5 Nd4 4. Bc4 e6 5. Nge2 Nc6 6. O-O Nf6 7. d3 Be7
8. f4 d6 9. a4 b6 10. f5 exf5 11. exf5 d5 12. Ba2 Bb7 13. Nf4 Nb4 14. Bb3
O-O 15. Bd2 Rc8 16. Na2 Nc6 17. c3 d4 18. Bc2 Ne5 19. Nh5 Qc7 20. Nxf6+
Bxf6 21. Qh5 Qc6 22. Rf2 Nd7 23. Re1 Rce8 24. Bb3 Rxe1+ 25. Bxe1 Be7 26.
Nc1 Nf6 27. Qh3 a6 28. Ne2 dxc3 29. Nxc3 Qd6 30. Bd2 Qd4 31. Be3 Qxd3 32.
Bc2 Qd7 33. Rd2 Qc6 34. Qg3 Rd8 35. Rxd8+ Bxd8 36. Bd1 Qd7 37. Qh3 Bc8 38.
g4 Bc7 39. g5 Nd5 40. Nxd5 Qxd5 41. g6 Qxd1+ 42. Kf2 Qc2+ 43. Ke1 Qb1+ 44.
Ke2 Qc2+ 45. Ke1 fxg6 46. Qf3 Qxf5 47. Qc6 Qd7 48. Qe4 Qf7 49. Qa8 Qe8 50.
Kf2 Be5 51. Qd5+ Kf8 52. a5 Qf7+ 53. Qxf7+ Kxf7 54. axb6 Bb7 55. Bxc5 Bxb2
56. Ke3 Ke6 57. Kd3 Kd5 58. Be3 a5 59. Kc2 Be5 60. h3 Bd4 0-1

[Event "World Blitz 2023"]
[Site "Samarkand UZB"]
[Date "2023.12.30"]
[Round "21.77"]
[White "Yonal, Timur"]
[Black "Tregubenko, Nikolay"]
[Result "1/2-1/2"]
[WhiteElo "1862"]
[BlackElo "1955"]
[EventDate "2023.12.29"]

1. e4 c5 2. Ne2 d6 3. g3 g6 4. Bg2 Bg7 5. O-O Nc6 6. c3 e6 7. d4 cxd4 8.
cxd4 Nge7 9. Nbc3 d5 10. e5 O-O 11. Bf4 a6 12. Qd2 b5 13. Bg5 Qb6 14. g4
Bd7 15. Bf6 Rfe8 16. Bxg7 Kxg7 17. Qf4 b4 18. Na4 Qb5 19. Nc5 Rad8 20. Ng3
Ng8 21. h4 f6 22. exf6+ Nxf6 23. g5 Ng8 24. h5 Rf8 25. h6+ Kh8 26. Qe3
1/2-1/2